Ligue 1 2004/2005 Classement - Statistiques

Statistiques générales
  • Ce quiz a été pris 104 fois
  • Le résultat moyen est 18 sur 20
Statistiques - réponses
Classement pts Equipes % Correct
5 55 Marseille
100%
1 79 Lyon
99%
15 44 Bordeaux
98%
2 67 Lille
98%
9 51 Paris
98%
4 55 Rennes
98%
17 43 Nantes
97%
7 52 Lens
95%
12 46 Nice
95%
3 63 Monaco
94%
11 48 Strasbourg
94%
13 46 Toulouse
92%
8 52 Auxerre
91%
6 53 Saint-Etienne
89%
16 44 Metz
86%
18 42 Caen
82%
14 45 Ajaccio
78%
19 41 Bastia
77%
10 50 Sochaux
76%
20 32 Istres
57%
Aucun quiz correspondant
Distribution des résultats
% des personnes avec chaque résultat
Percentile par nombre de réponses
Votre historique - résultats
Vous n’avez pas pris ce quiz